[Event "Moscow Aeroflot op-A"]
[Site "Moscow"]
[Date "2020.02.27"]
[Round "9"]
[White "Vignesh, NR."]
[Black "Sreeshwan, Maralakshikari"]
[Result "1/2-1/2"]
[WhiteElo "2436"]
[BlackElo "2440"]
[PlyCount "68"]
[EventDate "2020.02.19"]
[EventType "swiss"]
[EventRounds "9"]
[EventCountry "RUS"]
[SourceTitle "CBM 195"]
[Source "ChessBase"]
[SourceDate "2020.04.30"]
[SourceVersion "1"]
[SourceVersionDate "2020.04.30"]
[SourceQuality "1"]

1. e4 c6 2. d4 d5 3. Nd2 dxe4 4. Nxe4 Bf5 5. Ng3 Bg6 6. h4 h6 7. Nf3 e6 8. Ne5 Bh7 9. Bd3 Bxd3 10. Qxd3 Nd7 11. Bf4 Nxe5 12. Bxe5 Qa5+ 13. c3 Nf6 14. 0-0 Ng4 15. Rad1 Qd8 16. h5 Qg5 17. Rfe1 0-0-0 18. Qf3 Nxe5 19. dxe5 Rxd1 20. Rxd1 Qxe5 21. Qxf7 Bc5 22. Qg6 Rd8 23. Rxd8+ Kxd8 24. Ne4 Bb6 25. g3 Ke7 26. Kg2 Kf8 27. b3 Bd8 28. f4 Qd5 29. c4 Qa5 30. Qxe6 Qxa2+ 31. Kh3 Qa1 32. Qf5+ Ke7 33. Qc5+ Kf7 34. Qf5+ Ke7 1/2-1/2

[Event "Moscow Aeroflot op-A"]
[Site "Moscow"]
[Date "2020.02.26"]
[Round "8"]
[White "Sreeshwan, Maralakshikari"]
[Black "Shubin, Kirill"]
[Result "0-1"]
[WhiteElo "2440"]
[BlackElo "2427"]
[PlyCount "64"]
[EventDate "2020.02.19"]
[EventType "swiss"]
[EventRounds "9"]
[EventCountry "RUS"]
[SourceTitle "CBM 195"]
[Source "ChessBase"]
[SourceDate "2020.04.30"]
[SourceVersion "1"]
[SourceVersionDate "2020.04.30"]
[SourceQuality "1"]

1. d4 e6 2. c4 Nf6 3. Nc3 Bb4 4. e3 0-0 5. Bd3 d5 6. Nf3 dxc4 7. Bxc4 Nc6 8. 0-0 Bd6 9. e4 e5 10. d5 Ne7 11. Bg5 Ng6 12. h3 h6 13. Be3 a6 14. a3 b5 15. Ba2 Bd7 16. Qc2 Nh5 17. Rac1 f5 18. exf5 Bxf5 19. Ne4 Nhf4 20. Rfe1 Nxg2 21. Kxg2 Nh4+ 22. Nxh4 Qxh4 23. Bb1 Qxh3+ 24. Kg1 Qf3 25. Kh2 Rf6 26. Nxf6+ gxf6 27. Qc6 e4+ 28. Kg1 Bh3 29. Qxa8+ Kf7 30. Rxc7+ Bxc7 31. Bxe4 Qg4+ 32. Kh1 Qxe4+ 0-1

[Event "Moscow op-A 16th"]
[Site "Moscow"]
[Date "2020.01.25"]
[Round "1"]
[White "Sreeshwan, Maralakshikari"]
[Black "Mikhaylov, Artem"]
[Result "1-0"]
[WhiteElo "2440"]
[BlackElo "2128"]
[PlyCount "55"]
[EventDate "2020.01.25"]
[EventType "swiss"]
[EventRounds "9"]
[EventCountry "RUS"]
[SourceTitle "CBM 194 Extra"]
[Source "ChessBase"]
[SourceDate "2020.03.31"]
[SourceVersion "1"]
[SourceVersionDate "2020.03.31"]
[SourceQuality "1"]

1. d4 d5 2. c4 e6 3. Nc3 Be7 4. cxd5 exd5 5. Bf4 c6 6. Qc2 g6 7. e3 Bf5 8. Qd2 Nf6 9. f3 0-0 10. g4 Be6 11. Bd3 Nbd7 12. Nge2 c5 13. h4 c4 14. Bc2 Ne8 15. Bh6 Ng7 16. Nf4 Bb4 17. 0-0-0 b5 18. e4 Nb6 19. h5 g5 20. Nh3 f6 21. e5 Bxc3 22. bxc3 Qe7 23. exf6 Qa3+ 24. Kb1 Rxf6 25. Qxg5 Rxh6 26. Qxh6 Qxc3 27. Bxh7+ Kh8 28. Bf5+ 1-0

[Event "Wch U14"]
[Site "Mumbai"]
[Date "2019.10.09"]
[Round "8"]
[White "Sreeshwan, Maralakshikari"]
[Black "Vo, Pham Thien Phuc"]
[Result "1/2-1/2"]
[WhiteElo "2449"]
[BlackElo "1807"]
[PlyCount "83"]
[EventDate "2019.10.02"]
[EventType "swiss"]
[EventRounds "11"]
[EventCountry "IND"]
[SourceTitle "EXT 2020"]
[Source "ChessBase"]
[SourceDate "2019.10.17"]
[SourceVersion "1"]
[SourceVersionDate "2019.10.17"]
[SourceQuality "1"]

1. d4 Nf6 2. c4 g6 3. Nc3 Bg7 4. Nf3 0-0 5. e4 d6 6. h3 e5 7. d5 a5 8. g4 Na6 9. Be3 Kh8 10. Be2 Nd7 11. a3 Nb6 12. g5 Nc5 13. a4 f5 14. gxf6 Qxf6 15. b3 Bd7 16. Kd2 h6 17. Kc2 Kh7 18. h4 Qe7 19. Qd2 Rf7 20. Rag1 Raf8 21. h5 g5 22. Bxg5 Qe8 23. Bxh6 Bxh6 24. Ng5+ Bxg5 25. Qxg5 Re7 26. h6 Rg8 27. Qg7+ Rgxg7 28. hxg7+ Kg8 29. Rh8+ Kf7 30. Rxe8 Rxe8 31. Bh5+ Kg8 32. Bxe8 Bxe8 33. f3 Nc8 34. Nd1 Ne7 35. Ne3 Bg6 36. Kc3 Na6 37. Rg4 Kf7 38. Nf5 Bxf5 39. exf5 Ng8 40. Rg6 Nb4 41. Kd2 Na6 42. Kc3 1/2-1/2

[Event "Sitges op 45th"]
[Site "Sitges"]
[Date "2019.07.28"]
[Round "7"]
[White "Sreeshwan, Maralakshikari"]
[Black "Harikrishnan, A Ra"]
[Result "0-1"]
[WhiteElo "2461"]
[BlackElo "2401"]
[PlyCount "118"]
[EventDate "2019.07.22"]
[EventType "swiss"]
[EventRounds "9"]
[EventCountry "ESP"]
[SourceTitle "CBM 191 Extra"]
[Source "ChessBase"]
[SourceDate "2019.09.30"]
[SourceVersion "1"]
[SourceVersionDate "2019.09.30"]
[SourceQuality "1"]

1. d4 Nf6 2. c4 g6 3. Nc3 Bg7 4. Nf3 d6 5. e4 0-0 6. h3 e5 7. d5 Nh5 8. g3 f5 9. exf5 gxf5 10. Nh4 Nf6 11. Bd3 e4 12. Be2 Na6 13. Be3 Nd7 14. Ng2 Nac5 15. Nf4 Ne5 16. Qc2 a5 17. 0-0-0 Bd7 18. g4 Bh6 19. g5 Bxg5 20. Rhg1 Kh8 21. Ng6+ hxg6 22. Bxg5 Qe8 23. Be3 Ncd3+ 24. Bxd3 exd3 25. Rxd3 f4 26. Bd4 Bf5 27. Qe2 Bxd3 28. Qxd3 Rf5 29. f3 Kh7 30. Qe2 c5 31. Bf2 Nd7 32. Qc2 Nf6 33. Qb3 Qd7 34. Bh4 a4 35. Qc2 a3 36. Bxf6 Rxf6 37. Ne4 Rf5 38. Ng5+ Rxg5 39. Rxg5 Qe8 40. Qd2 axb2+ 41. Kb1 Qa4 42. Qxb2 Qd1+ 43. Qc1 Qxf3 44. Qc2 Rg8 45. Rg4 Rg7 46. Rh4+ Kg8 47. Rg4 Qe3 48. Kb2 Qe5+ 49. Kb3 f3 50. Re4 Qf6 51. Re6 Qf4 52. Qf2 Kh7 53. Kc3 b5 54. cxb5 Ra7 55. a4 Rxa4 56. Qb2 Qd4+ 57. Kc2 Rc4+ 58. Kb1 Qd1+ 59. Ka2 Ra4+ 0-1

[Event "Sitges op 45th"]
[Site "Sitges"]
[Date "2019.07.27"]
[Round "6"]
[White "Munoz Pantoja, Miguel Angel"]
[Black "Sreeshwan, Maralakshikari"]
[Result "1/2-1/2"]
[WhiteElo "2511"]
[BlackElo "2461"]
[PlyCount "41"]
[EventDate "2019.07.22"]
[EventType "swiss"]
[EventRounds "9"]
[EventCountry "ESP"]
[SourceTitle "CBM 191 Extra"]
[Source "ChessBase"]
[SourceDate "2019.09.30"]
[SourceVersion "1"]
[SourceVersionDate "2019.09.30"]
[SourceQuality "1"]

1. e4 c6 2. Nc3 d5 3. Nf3 dxe4 4. Nxe4 Nf6 5. Qe2 Nxe4 6. Qxe4 Qd5 7. Qf4 Qf5 8. Qxf5 Bxf5 9. Nd4 Be4 10. d3 Bg6 11. Be2 e5 12. Nb3 Nd7 13. Bd2 Bd6 14. Na5 0-0-0 15. 0-0-0 Nb6 16. Bf3 Bc5 17. Rde1 Rhe8 18. Re2 Bf5 19. Rhe1 f6 20. h3 Re7 21. Nb3 1/2-1/2

[Event "Sitges op 45th"]
[Site "Sitges"]
[Date "2019.07.26"]
[Round "5"]
[White "Pena Morales, Hugo"]
[Black "Sreeshwan, Maralakshikari"]
[Result "0-1"]
[WhiteElo "2267"]
[BlackElo "2461"]
[PlyCount "56"]
[EventDate "2019.07.22"]
[EventType "swiss"]
[EventRounds "9"]
[EventCountry "ESP"]
[SourceTitle "CBM 191 Extra"]
[Source "ChessBase"]
[SourceDate "2019.09.30"]
[SourceVersion "1"]
[SourceVersionDate "2019.09.30"]
[SourceQuality "1"]

1. f4 d5 2. Nf3 Nf6 3. g3 g6 4. Bg2 Bg7 5. d3 0-0 6. 0-0 b6 7. e4 dxe4 8. Ng5 Bb7 9. Nc3 Nbd7 10. d4 c5 11. Be3 Qc7 12. Ngxe4 Nxe4 13. Bxe4 Bxe4 14. Nxe4 Rad8 15. c3 cxd4 16. Bxd4 Nc5 17. Ng5 f6 18. Nf3 e5 19. b4 Ne4 20. fxe5 fxe5 21. Qb3+ Kh8 22. Rae1 exd4 23. Rxe4 dxc3 24. Qc4 Rc8 25. Qxc7 Rxc7 26. Ne1 c2 27. Nd3 Rxf1+ 28. Kxf1 Bb2 0-1

[Event "Sitges op 45th"]
[Site "Sitges"]
[Date "2019.07.23"]
[Round "2"]
[White "Blandon, Luis Guillermo"]
[Black "Sreeshwan, Maralakshikari"]
[Result "1/2-1/2"]
[WhiteElo "2239"]
[BlackElo "2461"]
[PlyCount "112"]
[EventDate "2019.07.22"]
[EventType "swiss"]
[EventRounds "9"]
[EventCountry "ESP"]
[SourceTitle "CBM 191 Extra"]
[Source "ChessBase"]
[SourceDate "2019.09.30"]
[SourceVersion "1"]
[SourceVersionDate "2019.09.30"]
[SourceQuality "1"]

1. e4 c6 2. d4 d5 3. Nc3 dxe4 4. Nxe4 Bf5 5. Ng3 Bg6 6. h4 h6 7. Nf3 e6 8. Ne5 Bh7 9. Bd3 Bxd3 10. Qxd3 Nd7 11. f4 Bb4+ 12. c3 Be7 13. Bd2 Ngf6 14. Qe2 0-0 15. f5 Qc7 16. fxe6 fxe6 17. 0-0-0 Rae8 18. Nxd7 Qxd7 19. Bf4 Bd6 20. Be5 Qc7 21. Rhf1 Nd7 22. Bxg7 Kxg7 23. Nh5+ Kh8 24. Qe3 Nb6 25. Qxh6+ Qh7 26. Qxh7+ Kxh7 27. Nf6+ Kg7 28. Nxe8+ Rxe8 29. Rde1 Nd5 30. Rf3 Re7 31. Ref1 b5 32. g4 c5 33. dxc5 Bxc5 34. Re1 Bd6 35. Kc2 Bf4 36. Rd3 Nf6 37. Rf3 Bc7 38. Ref1 Nd5 39. Kd3 e5 40. Ke4 Nf4 41. Rd1 Kf6 42. c4 Rh7 43. cxb5 Rxh4 44. Rd7 Bb6 45. Rd6+ Kg5 46. Kxe5 Bc7 47. Rc3 Rh7 48. Rxc7 Rxc7 49. b6 axb6 50. Rxb6 Ra7 51. a3 Nd3+ 52. Kd4 Nxb2 53. Rxb2 Rxa3 54. Rg2 Ra4+ 55. Ke3 Rxg4 56. Rxg4+ Kxg4 1/2-1/2

[Event "Sitges op 45th"]
[Site "Sitges"]
[Date "2019.07.22"]
[Round "1"]
[White "Sreeshwan, Maralakshikari"]
[Black "Kleifges, Matthias"]
[Result "1-0"]
[WhiteElo "2461"]
[BlackElo "2045"]
[PlyCount "73"]
[EventDate "2019.07.22"]
[EventType "swiss"]
[EventRounds "9"]
[EventCountry "ESP"]
[SourceTitle "CBM 191 Extra"]
[Source "ChessBase"]
[SourceDate "2019.09.30"]
[SourceVersion "1"]
[SourceVersionDate "2019.09.30"]
[SourceQuality "1"]

1. d4 Nf6 2. c4 e5 3. dxe5 Ng4 4. Bf4 Bb4+ 5. Nd2 Nc6 6. Ngf3 Qe7 7. e3 Ngxe5 8. Nxe5 Nxe5 9. Be2 b6 10. 0-0 Bxd2 11. Qxd2 Bb7 12. Qc3 d6 13. b4 0-0 14. c5 Rfe8 15. Rac1 dxc5 16. bxc5 Ng6 17. Bg3 Bd5 18. a3 c6 19. Rfd1 Nh4 20. Bf1 Nf5 21. Bf4 g5 22. Bg3 h5 23. Bd3 Nxg3 24. hxg3 Qe5 25. a4 Rab8 26. Be2 g4 27. Rd4 f5 28. Bc4 bxc5 29. Bxd5+ cxd5 30. Qxc5 Rbc8 31. Qxc8 Rxc8 32. Rxc8+ Kf7 33. Rc5 Ke6 34. Ra5 h4 35. Raxd5 Qxd5 36. Rxd5 Kxd5 37. gxh4 1-0

[Event "Barcelona Sant Marti op 21st"]
[Site "Barcelona"]
[Date "2019.07.16"]
[Round "4"]
[White "Sreeshwan, Maralakshikari"]
[Black "Lagarde, Maxime"]
[Result "1/2-1/2"]
[WhiteElo "2461"]
[BlackElo "2597"]
[PlyCount "54"]
[EventDate "2019.07.13"]
[EventType "swiss"]
[EventRounds "9"]
[EventCountry "ESP"]
[SourceTitle "EXT 2020"]
[Source "ChessBase"]
[SourceDate "2019.10.17"]
[SourceVersion "1"]
[SourceVersionDate "2019.10.17"]
[SourceQuality "1"]

1. d4 f5 2. g3 Nf6 3. Bg2 g6 4. Nf3 Bg7 5. 0-0 0-0 6. b3 b6 7. Ne5 c6 8. Bb2 Bb7 9. Nd2 Qc8 10. Nd3 Na6 11. c4 e6 12. e4 fxe4 13. Nxe4 Nxe4 14. Bxe4 c5 15. d5 Bxb2 16. Nxb2 Nc7 17. Qd3 Rf7 18. d6 Ne8 19. f3 Nf6 20. Bxg6 hxg6 21. Qxg6+ Kf8 22. Qh6+ Ke8 23. Qh8+ Rf8 24. Qg7 Rf7 25. Qh8+ Rf8 26. Qg7 Rf7 27. Qh8+ Rf8 1/2-1/2

[Event "Barcelona Sant Marti op 21st"]
[Site "Barcelona"]
[Date "2019.07.14"]
[Round "2"]
[White "Sreeshwan, Maralakshikari"]
[Black "Larsson, Anders"]
[Result "1-0"]
[WhiteElo "2461"]
[BlackElo "2260"]
[PlyCount "71"]
[EventDate "2019.07.13"]
[EventType "swiss"]
[EventRounds "9"]
[EventCountry "ESP"]
[SourceTitle "EXT 2020"]
[Source "ChessBase"]
[SourceDate "2019.10.17"]
[SourceVersion "1"]
[SourceVersionDate "2019.10.17"]
[SourceQuality "1"]

1. d4 e6 2. c4 Bb4+ 3. Nc3 c5 4. e3 Nf6 5. Bd3 0-0 6. Nf3 d5 7. cxd5 exd5 8. dxc5 Bxc5 9. 0-0 Nc6 10. h3 Be6 11. b3 Qe7 12. Bb2 Rfd8 13. Rc1 Rac8 14. Na4 Bd6 15. Nd4 Ne4 16. Be2 Bb8 17. Bg4 Qd6 18. f4 Bxg4 19. Qxg4 Qg6 20. Nf5 Qxg4 21. hxg4 f6 22. Nc5 Nxc5 23. Rxc5 Kf7 24. g5 Ne7 25. Rxc8 Rxc8 26. Nxg7 fxg5 27. fxg5+ Kg6 28. Ne6 Rc2 29. g4 Ng8 30. Bh8 Bh2+ 31. Kh1 Bd6 32. Rf5 Rd2 33. Kg1 h6 34. gxh6 Nxh6 35. Rf6+ Kh7 36. Ng5+ 1-0

[Event "Barcelona Sant Marti op 21st"]
[Site "Barcelona"]
[Date "2019.07.13"]
[Round "1"]
[White "Brunet Gil, Pol"]
[Black "Sreeshwan, Maralakshikari"]
[Result "0-1"]
[WhiteElo "2035"]
[BlackElo "2461"]
[PlyCount "62"]
[EventDate "2019.07.13"]
[EventType "swiss"]
[EventRounds "9"]
[EventCountry "ESP"]
[SourceTitle "EXT 2020"]
[Source "ChessBase"]
[SourceDate "2019.10.17"]
[SourceVersion "1"]
[SourceVersionDate "2019.10.17"]
[SourceQuality "1"]

1. e4 c6 2. d4 d5 3. Nc3 dxe4 4. Nxe4 Bf5 5. Ng3 Bg6 6. Nf3 e6 7. h4 h6 8. Ne5 Bh7 9. Bd3 Bxd3 10. Qxd3 Nd7 11. f4 Bb4+ 12. c3 Be7 13. h5 Ngf6 14. Qe2 0-0 15. Bd2 c5 16. dxc5 Nxc5 17. 0-0-0 Qc7 18. Be3 Nd5 19. Qf3 Rfd8 20. Bxc5 Bxc5 21. Rhe1 Qb6 22. Rd3 Bf2 23. Re2 Bxg3 24. Qxg3 Qa6 25. a3 f6 26. Ng4 Nxc3 27. Nxh6+ Kf8 28. Rxd8+ Rxd8 29. Qxc3 Qxe2 30. Qb4+ Ke8 31. Qa4+ b5 0-1

[Event "Barbera del Valles op 42nd"]
[Site "Barbera del Valles"]
[Date "2019.07.11"]
[Round "8"]
[White "Sreeshwan, Maralakshikari"]
[Black "Asensio Linan, Teodoro"]
[Result "1-0"]
[WhiteElo "2461"]
[BlackElo "2123"]
[PlyCount "87"]
[EventDate "2019.07.04"]
[EventType "swiss"]
[EventRounds "9"]
[EventCountry "ESP"]
[SourceTitle "CBM 191 Extra"]
[Source "ChessBase"]
[SourceDate "2019.09.30"]
[SourceVersion "1"]
[SourceVersionDate "2019.09.30"]
[SourceQuality "1"]

1. d4 f5 2. g3 Nf6 3. Bg2 g6 4. Nf3 Bg7 5. 0-0 0-0 6. b3 Ne4 7. Bb2 d5 8. c4 c6 9. e3 Nd7 10. Nbd2 Qa5 11. Qc2 Ndf6 12. a3 Be6 13. b4 Qd8 14. c5 g5 15. Nxe4 Nxe4 16. Nd2 g4 17. f3 gxf3 18. Nxf3 Bh6 19. Qe2 Rf6 20. Ne5 Qf8 21. a4 Qg7 22. b5 Qg5 23. Ra3 Bf7 24. bxc6 bxc6 25. Rb3 Bh5 26. Qe1 Kh8 27. Bc1 Re6 28. Nd3 Bg4 29. Nf4 Rf6 30. h3 Rg8 31. hxg4 Qxg4 32. Bxe4 fxe4 33. Rb2 Bxf4 34. Rxf4 Qh3 35. Rxf6 exf6 36. Rg2 h5 37. Qf2 Rg6 38. Qf4 Kg7 39. Bd2 Rg5 40. Be1 Qe6 41. Rb2 Rf5 42. Rb7+ Kg6 43. Qc7 Qg8 44. Rb8 1-0

[Event "Barbera del Valles op 42nd"]
[Site "Barbera del Valles"]
[Date "2019.07.08"]
[Round "5"]
[White "Vergara Jofre, Felipe Andres"]
[Black "Sreeshwan, Maralakshikari"]
[Result "0-1"]
[WhiteElo "2332"]
[BlackElo "2461"]
[PlyCount "92"]
[EventDate "2019.07.04"]
[EventType "swiss"]
[EventRounds "9"]
[EventCountry "ESP"]
[SourceTitle "CBM 191 Extra"]
[Source "ChessBase"]
[SourceDate "2019.09.30"]
[SourceVersion "1"]
[SourceVersionDate "2019.09.30"]
[SourceQuality "1"]

1. e4 c6 2. d4 d5 3. e5 Bf5 4. c4 e6 5. Nc3 Nd7 6. a3 a5 7. cxd5 cxd5 8. Bb5 Ne7 9. Bg5 Qc7 10. Bxe7 Bxe7 11. Nge2 0-0 12. Rc1 Qd8 13. 0-0 Nb6 14. Ng3 Bg6 15. f4 Rc8 16. f5 exf5 17. Nge2 Bh5 18. Qb3 Nc4 19. Nf4 Nd2 20. Qxd5 Nxf1 21. Rxf1 Bg6 22. Qxd8 Rfxd8 23. d5 Bc5+ 24. Kh1 Kf8 25. h4 Bd4 26. h5 Bxe5 27. hxg6 hxg6 28. Nfe2 Ke7 29. g3 Rh8+ 30. Kg2 Rh6 31. Rd1 Rch8 32. Bd3 Rh2+ 33. Kf3 Bd6 34. Nb5 Bc5 35. d6+ Kd7 36. Nbd4 Kxd6 37. b4 axb4 38. axb4 Bb6 39. Bc4 Ke5 40. Rd3 g5 41. Re3+ Kf6 42. Rd3 Re8 43. g4 Rh3+ 44. Kg2 Rxd3 45. Bxd3 Bxd4 46. Nxd4 Rd8 0-1

[Event "Roquetas de Mar op 30th"]
[Site "Roquetas de Mar"]
[Date "2019.01.04"]
[Round "5"]
[White "Bjerre, Jonas Buhl"]
[Black "Sreeshwan, Maralakshikari"]
[Result "0-1"]
[WhiteElo "2421"]
[BlackElo "2244"]
[PlyCount "108"]
[EventDate "2019.01.02"]
[EventType "swiss"]
[EventRounds "9"]
[EventCountry "ESP"]
[SourceTitle "CBM 188 Extra"]
[Source "ChessBase"]
[SourceDate "2019.02.26"]
[SourceVersion "1"]
[SourceVersionDate "2019.02.26"]
[SourceQuality "1"]

1. e4 c6 2. d4 d5 3. e5 Bf5 4. Nd2 e6 5. Nb3 c5 6. dxc5 Bxc5 7. Nxc5 Qa5+ 8. c3 Qxc5 9. Be3 Qc7 10. f4 Ne7 11. Be2 Nbc6 12. Nf3 h6 13. 0-0 0-0 14. Rc1 Rfd8 15. b4 a6 16. a4 d4 17. cxd4 Nd5 18. Bd2 Qb6 19. a5 Qa7 20. Rc4 Be4 21. Qa1 Nde7 22. Be3 Nd5 23. Bd2 Nde7 24. Kh1 Nf5 25. Rd1 Bxf3 26. Bxf3 Ncxd4 27. Qc3 Nxf3 28. Qxf3 Rd7 29. Bc1 Nh4 30. Qe2 Rxd1+ 31. Qxd1 b5 32. axb6 Qxb6 33. Qd4 Qb7 34. Rc2 Kh7 35. Be3 Nf5 36. Qd2 Nxe3 37. Qxe3 Qxb4 38. h3 a5 39. Rc7 Kg8 40. Qf3 Rb8 41. Kh2 a4 42. Ra7 Qd4 43. Ra6 Rb4 44. Ra8+ Kh7 45. Rf8 Qxf4+ 46. Qxf4 Rxf4 47. Kg3 g5 48. Ra8 Kg6 49. Ra7 h5 50. Rb7 h4+ 51. Kh2 Rf1 52. Ra7 Ra1 53. Ra6 a3 54. Ra7 a2 0-1

[Event "Lorca op 7th"]
[Site "Lorca"]
[Date "2018.12.27"]
[Round "3"]
[White "Sreeshwan, Maralakshikari"]
[Black "Solozhenkin, Evgeniy"]
[Result "0-1"]
[WhiteElo "2244"]
[BlackElo "2427"]
[PlyCount "78"]
[EventDate "2018.12.26"]
[EventType "swiss"]
[EventRounds "9"]
[EventCountry "ESP"]
[SourceTitle "CBM 188 Extra"]
[Source "ChessBase"]
[SourceDate "2019.02.26"]
[SourceVersion "1"]
[SourceVersionDate "2019.02.26"]
[SourceQuality "1"]

1. d4 Nf6 2. c4 e6 3. Nc3 Bb4 4. e3 0-0 5. Bd3 d5 6. Nf3 b6 7. 0-0 Bb7 8. cxd5 exd5 9. Bd2 a6 10. Ne5 Bd6 11. Rc1 c5 12. f4 Nc6 13. Na4 c4 14. Bc2 Ne7 15. g4 b5 16. Nc3 Ne4 17. Be1 f6 18. Nf3 Qd7 19. Nh4 Rae8 20. Qf3 g5 21. Ng2 f5 22. gxf5 Nxf5 23. Nxe4 dxe4 24. Qg4 Kh8 25. Bg3 gxf4 26. Bxf4 Rg8 27. Qh3 Rxg2+ 28. Kxg2 Rg8+ 29. Kh1 Ng3+ 30. Qxg3 Rxg3 31. Bxd6 Qxd6 32. hxg3 Qh6+ 33. Kg2 Qxe3 34. Rf8+ Kg7 35. Rcf1 Qd2+ 36. Kg1 Bd5 37. R8f2 Qg5 38. Kh2 e3 39. Rf4 Qh5+ 0-1

[Event "Commonwealth-ch U12"]
[Site "New Delhi"]
[Date "2018.06.27"]
[Round "2"]
[White "Sai Nikhil, Y."]
[Black "Sreeshwan, Maralakshikari"]
[Result "0-1"]
[WhiteElo "1560"]
[BlackElo "2064"]
[PlyCount "102"]
[EventDate "2018.06.26"]
[EventType "swiss"]
[EventRounds "7"]
[EventCountry "IND"]
[SourceTitle "EXT 2019"]
[Source "ChessBase"]
[SourceDate "2018.10.10"]
[SourceVersion "1"]
[SourceVersionDate "2018.10.10"]
[SourceQuality "1"]

1. e4 c6 2. d4 d5 3. Nc3 dxe4 4. Nxe4 Bf5 5. Ng3 Bg6 6. Bc4 e6 7. N1e2 Bd6 8. 0-0 Nf6 9. Nf4 Qc7 10. Nd3 Nbd7 11. Re1 0-0-0 12. Be3 h5 13. Nf1 Ng4 14. h3 Nxe3 15. Nxe3 Bxd3 16. Bxd3 g5 17. Kf1 Nf6 18. c3 Rdg8 19. Qf3 Be7 20. Qd1 g4 21. Ke2 Qf4 22. Qc2 h4 23. Rh1 gxh3 24. Rxh3 Ng4 25. Nd1 Nf6 26. Ne3 Nd5 27. Be4 Nxe3 28. fxe3 Qd6 29. Rah1 Rg7 30. Kd1 f5 31. Bf3 Bg5 32. Qd3 Rf8 33. Be2 Bd8 34. Bf1 e5 35. Qc2 f4 36. Qe4 fxe3 37. Rxe3 exd4 38. Rd3 Bf6 39. cxd4 Rd8 40. Kc2 Re7 41. Qf5+ Kb8 42. Rhh3 Bg7 43. Rxh4 Rf8 44. Qh3 Rxf1 45. Rg4 Rf2+ 46. Kb3 Qd5+ 47. Kc3 Qa5+ 48. b4 Qa3+ 49. Kc4 b5+ 50. Kc5 Rc2+ 51. Kd6 Qxb4# 0-1

[Event "Hyderabad op 1st"]
[Site "Hyderabad"]
[Date "2017.11.01"]
[Round "9"]
[White "Sreeshwan, Maralakshikari"]
[Black "Phadke, Sohan"]
[Result "0-1"]
[WhiteElo "2067"]
[BlackElo "2205"]
[PlyCount "159"]
[EventDate "2017.10.28"]
[EventType "swiss"]
[EventRounds "10"]
[EventCountry "IND"]
[SourceTitle "CBM 181 Extra"]
[Source "ChessBase"]
[SourceDate "2017.12.12"]
[SourceVersion "1"]
[SourceVersionDate "2017.12.12"]
[SourceQuality "1"]

1. d4 f5 2. Nc3 d5 3. Bg5 Nf6 4. Bxf6 exf6 5. e3 Be6 6. Bd3 Nc6 7. Qf3 Qd7 8. a3 0-0-0 9. 0-0-0 g6 10. Nge2 Na5 11. h4 h5 12. Kb1 Kb8 13. g3 a6 14. Qg2 b5 15. Na2 Nc4 16. Qf1 Ka7 17. Qe1 Rb8 18. Nec1 Qc6 19. Nb3 Qb6 20. f3 a5 21. e4 fxe4 22. fxe4 a4 23. Nc5 Bxc5 24. dxc5 Qxc5 25. exd5 Bxd5 26. Rh2 Bf3 27. Rc1 Rhe8 28. Qc3 Qe5 29. Bxg6 Rg8 30. Bd3 Rxg3 31. Bxc4 Qxc3 32. Nxc3 bxc4 33. Rf1 f5 34. Ka2 Rd8 35. Nxa4 Rd1 36. Rxd1 Bxd1 37. Nc3 Bg4 38. Rf2 Rh3 39. Nb5+ Kb6 40. Nd4 Rxh4 41. Nxf5 Rh3 42. b3 Rf3 43. Rxf3 Bxf3 44. bxc4 Be4 45. Ne3 h4 46. Kb3 h3 47. Ng4 Bf3 48. Nh2 Be2 49. Kc3 Kc5 50. Kd2 Bxc4 51. Ke3 Be6 52. Kf4 Kb5 53. Kg3 Ka4 54. Nf3 Kxa3 55. Ng5 Bf5 56. Nf3 c5 57. Ne5 Kb2 58. c4 Kc3 59. Nf7 Kd4 60. Nd6 Be6 61. Kh2 Kc3 62. Kg3 Kb4 63. Kh2 Ka5 64. Kg3 Bd7 65. Kh2 Kb6 66. Kg3 Kc6 67. Ne4 Bf5 68. Nc3 Kd6 69. Na4 Be6 70. Kh2 Bd7 71. Nc3 Ke5 72. Nd5 Kd4 73. Nb6 Be6 74. Kg3 Kc3 75. Kh2 Kb4 76. Kg3 Bxc4 77. Kxh3 Be6+ 78. Kg3 Kb5 79. Na8 Kc6 80. Nb6 0-1

[Event "Hyderabad op 1st"]
[Site "Hyderabad"]
[Date "2017.10.31"]
[Round "6"]
[White "Balkishan, A."]
[Black "Sreeshwan, Maralakshikari"]
[Result "1-0"]
[WhiteElo "1999"]
[BlackElo "2067"]
[PlyCount "149"]
[EventDate "2017.10.28"]
[EventType "swiss"]
[EventRounds "10"]
[EventCountry "IND"]
[SourceTitle "CBM 181 Extra"]
[Source "ChessBase"]
[SourceDate "2017.12.12"]
[SourceVersion "1"]
[SourceVersionDate "2017.12.12"]
[SourceQuality "1"]

1. d4 d5 2. c4 c6 3. Nc3 Nf6 4. Bg5 e6 5. e3 Bb4 6. Qc2 Nbd7 7. cxd5 exd5 8. Bd3 Bd6 9. Nge2 h6 10. Bh4 0-0 11. Ng3 Re8 12. Nf5 Bf8 13. Bg3 Nb6 14. 0-0 Bxf5 15. Bxf5 Nc4 16. Bd3 Nd6 17. Be5 Nde4 18. Nxe4 Nxe4 19. f3 Nf6 20. Qb3 Nd7 21. Bf4 Qb6 22. Bf5 Qxb3 23. axb3 Nf6 24. Kf2 a6 25. h4 Be7 26. g3 Nh7 27. Rh1 Nf8 28. g4 Ne6 29. Be5 Rad8 30. g5 hxg5 31. Bxe6 fxe6 32. hxg5 Bd6 33. g6 Bxe5 34. dxe5 d4 35. e4 c5 36. Rh7 Kf8 37. Rah1 b6 38. R1h4 d3 39. Ke1 d2+ 40. Kd1 Rd3 41. Rf4+ Kg8 42. Rf7 Red8 43. Rfxg7+ Kf8 44. Rf7+ Kg8 45. Rh2 Rxb3 46. Rxd2 Rxd2+ 47. Kxd2 Rxb2+ 48. Ke3 Rg2 49. Ra7 b5 50. Rxa6 Rxg6 51. Ra5 Rg7 52. Rxb5 Rc7 53. Rb2 Kf7 54. Kd3 Kg6 55. Rg2+ Kf7 56. Kc4 Rc8 57. Rb2 Rc7 58. Rb6 Rc8 59. Rb7+ Kf8 60. f4 Ra8 61. Kxc5 Ra4 62. Rb4 Ra6 63. f5 Ra1 64. Rb8+ Ke7 65. Rb7+ Ke8 66. Rb6 exf5 67. exf5 Rd1 68. Rb7 Ra1 69. f6 Ra5+ 70. Kd6 Ra6+ 71. Kd5 Ra5+ 72. Ke6 Ra6+ 73. Kf5 Ra5 74. Kg6 Rxe5 75. f7+ 1-0

[Event "Hyderabad op 1st"]
[Site "Hyderabad"]
[Date "2017.10.31"]
[Round "7"]
[White "Sreeshwan, Maralakshikari"]
[Black "Muthaiah, Al"]
[Result "1/2-1/2"]
[WhiteElo "2067"]
[BlackElo "2331"]
[PlyCount "45"]
[EventDate "2017.10.28"]
[EventType "swiss"]
[EventRounds "10"]
[EventCountry "IND"]
[SourceTitle "CBM 181 Extra"]
[Source "ChessBase"]
[SourceDate "2017.12.12"]
[SourceVersion "1"]
[SourceVersionDate "2017.12.12"]
[SourceQuality "1"]

1. d4 Nf6 2. Nf3 c5 3. e3 g6 4. dxc5 Qa5+ 5. Nbd2 Qxc5 6. a3 Bg7 7. b4 Qc7 8. Bb2 0-0 9. Be2 b6 10. 0-0 Bb7 11. c4 d6 12. Rc1 Nbd7 13. Qb3 Rac8 14. Rfd1 Qb8 15. h3 Qa8 16. Ne1 Rc7 17. Bf3 Rfc8 18. Bxb7 Qxb7 19. Nef3 d5 20. cxd5 Rxc1 21. Rxc1 Rxc1+ 22. Bxc1 Qxd5 23. Bb2 1/2-1/2